| 000 | 02400nam a2200325Ia 4500 | ||
|---|---|---|---|
| 999 |
_c54174 _d54174 |
||
| 001 | 21230 | ||
| 003 | GE_BSU | ||
| 005 | 20211005120439.0 | ||
| 008 | 181216s2016||||ge |||||||||||||| ||geo|| | ||
| 020 | _a9789941095931 | ||
| 040 | _cGE_BSU | ||
| 041 | _ageo | ||
| 080 | _a631.4 ს-16 | ||
| 245 |
_aსაველე ნიადაგმცოდნეობა : _bშემდგენლები : ლია ამირანაშვილი, ნინო გაგელიძე, გიზო გოგიჩაიშვილი [და სხვ.] ; რედაქტორები : გიორგი (ოთარ) კვესიტაძე, თენგიზ (გიზო) ურუშაძე ; ფოტოსურათების ავტორები : ოთარ აბდალაძე, არნოლდ გეგეჭკორი, ბესო გელაშვილი [და სხვ.]. |
||
| 264 |
_aთბილისი : _b[?], _c2016. |
||
| 300 |
_a172 გვ. : _b ფოტ., რუკები ; _c20 სმ. |
||
| 504 | _aბიბლიოგრაფია გვ. 170 | ||
| 541 | _h20ლ. | ||
| 653 | _aნიადაგმცოდნეობა | ||
| 653 | _aსაველე ნიადაგმცოდნეობა | ||
| 700 |
_aამირანაშვილი, ლია _eშემდგენლი _912583 |
||
| 700 |
_aგაგელიძე, ნინო _eშემდგენლი _912584 |
||
| 700 |
_aგოგიჩაიშვილი, გიზო _eშემდგენლი _912585 |
||
| 700 |
_aკვესიტაძე, გიორგი(ოთარ) _eრედაქტორი _912586 |
||
| 700 |
_aურუშაძე, თენგიზ (გიზო) _eრედაქტორი _912221 |
||
| 710 |
_aსაქ. მეცნ. ეროვნული აკადემია _eსაქ. აგრარული ინსტიტუტი _91460 |
||
| 710 |
_eმიხეილ საბაშვილის ნიადაგმცოდნეობის, აგროქიმიისა და მელიორაციის ინსტიტუტი _912579 |
||
| 710 |
_eსერგი დურმიშიძის ბიოქიმიისა და ბიოტექნოლოგიის ინსტიტუტი _912579 |
||
| 942 |
_cBK _2udc |
||